[Event "FRA-ch op-B"]
[Site "Saint Quentin"]
[Date "2015.??.??"]
[Round "5"]
[White "Gomes, Alexis"]
[Black "Verwee, Johann"]
[Result "1-0"]
[WhiteElo "1826"]
[BlackElo "1830"]
[PlyCount "55"]
[EventDate "2015.08.09"]
[EventType "swiss"]
[EventRounds "11"]
[EventCountry "FRA"]
[SourceTitle "EXT 2016"]
[Source "ChessBase"]
[SourceDate "2015.10.08"]
[SourceVersion "1"]
[SourceVersionDate "2015.10.08"]
[SourceQuality "1"]

1. d4 Nf6 2. Nf3 g6 3. Bg5 Bg7 4. Nbd2 0-0 5. c3 d5 6. e3 Nbd7 7. Bd3 Re8 8. 0-0 e5 9. e4 dxe4 10. Nxe4 exd4 11. cxd4 h6 12. Qb3 hxg5 13. Nexg5 Re7 14. Nxf7 Nc5 15. dxc5 Be6 16. Nxd8 Bxb3 17. axb3 Rxd8 18. Bc4+ Nd5 19. Rxa7 c6 20. Re1 Rde8 21. Kf1 Rxe1+ 22. Nxe1 Bd4 23. Nd3 Re7 24. Ra8+ Kg7 25. Bxd5 cxd5 26. Rd8 b6 27. Rxd5 bxc5 28. b4 1-0

[Event "La Fere op 11th"]
[Site "La Fere"]
[Date "2012.07.14"]
[Round "9"]
[White "Jimenez, Martin"]
[Black "Gomes, Alexis"]
[Result "0-1"]
[WhiteElo "1953"]
[BlackElo "1607"]
[PlyCount "102"]
[EventDate "2012.07.07"]
[EventType "swiss"]
[EventRounds "9"]
[EventCountry "FRA"]
[SourceTitle "CBM 149 Extra"]
[Source "ChessBase"]
[SourceDate "2012.08.24"]
[SourceVersion "1"]
[SourceVersionDate "2012.08.24"]
[SourceQuality "1"]

1. d4 Nf6 2. Nf3 e6 3. e3 b6 4. Bd3 Bb7 5. Nbd2 c5 6. b3 Nc6 7. a3 cxd4 8. exd4 d5 9. 0-0 Be7 10. Bb2 0-0 11. Ne5 Rc8 12. f4 Nd7 13. Qh5 f5 14. Rf3 Nf6 15. Qh3 Ne4 16. Nf1 Nxe5 17. dxe5 Qe8 18. c4 dxc4 19. Bxc4 Bc5+ 20. Ne3 Nd2 21. Rf2 Nxc4 22. bxc4 Bxe3 23. Qxe3 Rxc4 24. Bc3 Qc6 25. Bb4 Rc8 26. h3 Rc2 27. Ra2 Rxa2 28. Rxa2 Qc1+ 29. Qxc1 Rxc1+ 30. Kf2 Kf7 31. Rd2 Bd5 32. Rb2 Ra1 33. Rc2 Ra2 34. Rxa2 Bxa2 35. Ke3 a5 36. Bd6 b5 37. Kd4 Bc4 38. h4 a4 39. Bb4 Kg6 40. g3 Kh5 41. Ke3 Kg4 42. Kf2 h6 43. Be1 g5 44. Ke3 gxf4+ 45. gxf4 h5 46. Bf2 b4 47. Kd4 b3 48. Kc3 Bd5 49. Be3 Kxh4 50. Kd3 Kg3 51. Bc1 h4 0-1

[Event "La Fere op 11th"]
[Site "La Fere"]
[Date "2012.07.12"]
[Round "7"]
[White "Le Kouaghet, Euen"]
[Black "Gomes, Alexis"]
[Result "1-0"]
[WhiteElo "1920"]
[BlackElo "1607"]
[PlyCount "63"]
[EventDate "2012.07.07"]
[EventType "swiss"]
[EventRounds "9"]
[EventCountry "FRA"]
[SourceTitle "CBM 149 Extra"]
[Source "ChessBase"]
[SourceDate "2012.08.24"]
[SourceVersion "1"]
[SourceVersionDate "2012.08.24"]
[SourceQuality "1"]

1. c4 f5 2. Nc3 Nf6 3. d4 d6 4. Nf3 Nbd7 5. Qc2 g6 6. Ng5 Nb6 7. h4 Bg7 8. e3 e5 9. c5 exd4 10. Qb3 Qe7 11. Nb5 dxc5 12. Bd2 h6 13. 0-0-0 hxg5 14. exd4 Be6 15. Nxc7+ Qxc7 16. Qxe6+ Qe7 17. Bb5+ Nbd7 18. Qc4 0-0-0 19. Rhe1 Qd6 20. Bxg5 Rde8 21. dxc5 Qxc5 22. Qxc5+ Nxc5 23. Bxe8 Rxe8 24. Rxe8+ Nxe8 25. Rd8+ Kc7 26. Rxe8 Bd4 27. Be3 Bxe3+ 28. Rxe3 Kd7 29. Rg3 Ne4 30. Rxg6 Nxf2 31. Rg7+ Kc6 32. h5 1-0

[Event "La Fere op 11th"]
[Site "La Fere"]
[Date "2012.07.09"]
[Round "3"]
[White "Gomes, Alexis"]
[Black "Vekemans, Paul"]
[Result "1/2-1/2"]
[WhiteElo "1607"]
[BlackElo "1781"]
[PlyCount "86"]
[EventDate "2012.07.07"]
[EventType "swiss"]
[EventRounds "9"]
[EventCountry "FRA"]
[SourceTitle "CBM 149 Extra"]
[Source "ChessBase"]
[SourceDate "2012.08.24"]
[SourceVersion "1"]
[SourceVersionDate "2012.08.24"]
[SourceQuality "1"]

1. d4 Nf6 2. Nf3 e6 3. c4 b6 4. Nc3 Bb7 5. Bg5 Be7 6. e3 h6 7. Bh4 d6 8. Bd3 Nbd7 9. 0-0 0-0 10. e4 e5 11. d5 Re8 12. Qe2 Nf8 13. Bg3 Nh5 14. Ne1 Nxg3 15. fxg3 Nh7 16. Nc2 Bg5 17. Rf2 Bc8 18. Raf1 Rf8 19. h4 Be7 20. Ne3 Nf6 21. Nf5 Kh7 22. Nd1 Bxf5 23. Rxf5 g6 24. R5f3 Kg7 25. Qf2 Ng4 26. Rxf7+ Kg8 27. Rxf8+ Qxf8 28. Qxf8+ Rxf8 29. Rxf8+ Kxf8 30. Be2 Nf6 31. Nc3 Ke8 32. Kf2 Kd7 33. Ke3 h5 34. Nb5 a6 35. Na7 Bf8 36. Nc6 Bh6+ 37. Kd3 Bc1 38. b3 Ba3 39. Nb8+ Kc8 40. Nxa6 Kb7 41. Nxc7 Kxc7 42. Ke3 Bc5+ 43. Kf3 Ng4 1/2-1/2